The Feynman lectures on physics (Record no. 43226)

MARC details
000 -LEADER
fixed length control field 00577nam a2200169 a 4500
008 - FIXED-LENGTH DATA ELEMENTS--GENERAL INFORMATION
fixed length control field 120416s0000 ||||||||||||||||| || u
020 ## - INTERNATIONAL STANDARD BOOK NUMBER
International Standard Book Number 020102117X
050 ## - LIBRARY OF CONGRESS CALL NUMBER
Classification number QC 23 Fey
100 ## - MAIN ENTRY--PERSONAL NAME
Personal name Sands, Matthew L
245 14 - TITLE STATEMENT
Title The Feynman lectures on physics
246 ## - VARYING FORM OF TITLE
Title proper/short title mainly electromagnetism and matter
260 ## - PUBLICATION, DISTRIBUTION, ETC.
Place of publication, distribution, etc. Reading, Mass.
Name of publisher, distributor, etc. Addison-Wesley
Date of publication, distribution, etc. 1964
300 ## - PHYSICAL DESCRIPTION
Extent Vol. : ill
350 ## - PRICE (NR) (BK AM CF MU VM SE) [OBSOLETE]
Price 0.00
700 ## - ADDED ENTRY--PERSONAL NAME
Personal name Feynman, Richard P
995 ## - RECOMMENDATION 995 [LOCAL, UNIMARC FRANCE]
-- 0.00
-- CBU-MAIN LIBRARY (Kitwe)
-- 1
-- 4.50
-- DAMAGED
-- Main Library Open Access Collection
Holdings
Withdrawn status Lost status Source of classification or shelving scheme Damaged status Not for loan Home library Current library Shelving location Date acquired Total Checkouts Full call number Barcode Date last seen Price effective from Koha item type
          CBU-MAIN LIBRARY, KITWE. CBU-MAIN LIBRARY, KITWE.   11/30/2022   QC 23 Fey 718228 11/30/2022 11/30/2022 MONOGRAPH